Loading...
| Beliefs | 2 | 2 | 0 | 1 | 50 | 19 | 86.00 | 3 | 4 | 0.00 | 0.00 |
| Philosophy | 1 | 2 | 0 | 0 | 35 | 46 | 70.00 | 1 | 3 | 0.00 | 0.00 |
| Science - Physics | 2 | 0 | 0 | 0 | 30 | 28 | 33.50 | 2 | 2 | 0.00 | 0.00 |
| Literature - European | 1 | 1 | 0 | 1 | 25 | 8 | 75.00 | 1 | 2 | 0.00 | 0.00 |
| Other Science: Earth Science | 1 | 1 | 0 | 1 | 25 | 64 | 80.50 | 0 | 2 | 0.00 | 0.00 |
| Other Academic | 0 | 2 | 0 | 1 | 20 | 118 | 127.00 | 0 | 2 | 0.00 | 0.00 |
| Literature - American | 1 | 0 | 0 | 0 | 15 | 57 | 57.00 | 1 | 1 | 0.00 | 0.00 |
| Fine Arts - Visual | 1 | 0 | 0 | 0 | 15 | 57 | 57.00 | 1 | 1 | 0.00 | 0.00 |
| Other Science: Astronomy | 0 | 1 | 0 | 1 | 10 | 87 | 87.00 | 0 | 1 | 0.00 | 0.00 |
| History - World | 0 | 1 | 0 | 0 | 10 | 73 | 73.00 | 1 | 1 | 0.00 | 0.00 |
| Literature - British | 0 | 1 | 0 | 0 | 10 | 96 | 96.00 | 0 | 1 | 0.00 | 0.00 |
| Other Arts: Auditory | 0 | 1 | 1 | 1 | 5 | 146 | 146.00 | 0 | 1 | 0.00 | 0.00 |
| Religion | 0 | 0 | 0 | 0 | 0 | 0.00 | 0 | 0 | 0.00 | 0.00 | |
| Science - Chemistry | 0 | 0 | 1 | 0 | -5 | 0.00 | 0 | 0 | 0.00 | 0.00 | |
| Social Science | 0 | 0 | 2 | 0 | -10 | 0.00 | 0 | 0 | 0.00 | 0.00 | |
| 0 | 0 | 2 | 0 | -10 | 0.00 | 0 | 0 | 0.00 | 0.00 |